The concept of optimal taxation in the overlapping-generations model of capital and wealth (Registro nro. 25721)

Detalles MARC
000 -LEADER
fixed length control field 00413 a2200121 4500
001 - CONTROL NUMBER
control field ART_11670
005 - DATE AND TIME OF LATEST TRANSACTION
control field 20260410161859.0
008 - FIXED-LENGTH DATA ELEMENTS--GENERAL INFORMATION
fixed length control field 260409a
100 1# - MAIN ENTRY--PERSONAL NAME
Personal name Ordover, Janusz A.
245 10 - TITLE STATEMENT
Title The concept of optimal taxation in the overlapping-generations model of capital and wealth
700 1# - ADDED ENTRY--PERSONAL NAME
Personal name Phels, E.S.
773 0# - HOST ITEM ENTRY
Title Journal of public economics
Related parts - Vol. 12, Nº 1 (ago. 1979)
Record control number REV11485

No hay ítems disponibles.